[Event "Goch op 24th"]
[Site "Goch"]
[Date "2013.09.07"]
[Round "4"]
[White "Mueller, Hans Peter"]
[Black "Wiemann, Frank"]
[Result "1/2-1/2"]
[WhiteElo "1184"]
[BlackElo "1797"]
[PlyCount "120"]
[EventDate "2013.09.05"]
[EventType "swiss"]
[EventRounds "7"]
[EventCountry "GER"]
[SourceTitle "EXT 2015"]
[Source "ChessBase"]
[SourceDate "2014.11.20"]
[SourceVersion "1"]
[SourceVersionDate "2014.11.20"]
[SourceQuality "1"]

1. d4 Nf6 2. Nf3 d5 3. Bf4 g6 4. e3 Bg7 5. h3 0-0 6. c4 c6 7. cxd5 cxd5 8. Be2 Nc6 9. 0-0 Qb6 10. Qd2 Ne4 11. Qc2 Bd7 12. b3 Rfc8 13. Qb2 Nb4 14. Na3 e6 15. Ne5 Be8 16. Rac1 Bf8 17. Rxc8 Rxc8 18. Rc1 Rxc1+ 19. Qxc1 Nxa2 20. Qb2 Nb4 21. Qc1 Nc6 22. Nxc6 Qxc6 23. Qb2 Qb6 24. f3 Nd6 25. Nb1 Nb5 26. Nd2 Ba3 27. Qa1 Bb4 28. Qc1 Nxd4 29. Kf2 Nxe2 30. Kxe2 Bb5+ 31. Kf2 Bc6 32. Bh6 Bf8 33. Bg5 Bg7 34. Be7 Qc7 35. Qc5 b6 36. Bd8 bxc5 37. Bxc7 Bc3 38. Nb1 Bb4 39. Be5 Bb5 40. Bc3 Bxc3 41. Nxc3 Bc6 42. Ke2 d4 43. exd4 cxd4 44. Na4 Bb5+ 45. Kd2 Bf1 46. g3 Bxh3 47. Kd3 Bg2 48. f4 Bf3 49. Kxd4 Kg7 50. Ke5 Bd5 51. Nc5 f6+ 52. Kd6 Kf7 53. b4 g5 54. b5 gxf4 55. gxf4 h5 56. f5 Bc4 57. fxe6+ Kg6 58. Kc6 f5 59. e7 Kf7 60. Kb7 Bxb5 1/2-1/2

[Event "Goch op 24th"]
[Site "Goch"]
[Date "2013.09.07"]
[Round "5"]
[White "Wiemann, Frank"]
[Black "Gorzinski, Dariusz"]
[Result "0-1"]
[WhiteElo "1797"]
[BlackElo "2020"]
[PlyCount "120"]
[EventDate "2013.09.05"]
[EventType "swiss"]
[EventRounds "7"]
[EventCountry "GER"]
[SourceTitle "EXT 2015"]
[Source "ChessBase"]
[SourceDate "2014.11.20"]
[SourceVersion "1"]
[SourceVersionDate "2014.11.20"]
[SourceQuality "1"]

1. d4 d5 2. Nf3 Nf6 3. c4 c6 4. Nc3 dxc4 5. e3 b5 6. Ne5 Bb7 7. b3 e6 8. bxc4 b4 9. Qb3 Nbd7 10. Nxd7 Nxd7 11. Na4 c5 12. Bb2 Qg5 13. 0-0-0 Be7 14. d5 exd5 15. cxd5 0-0 16. f4 Qg4 17. Bb5 Rfd8 18. Rd2 Rac8 19. Bc4 Bd6 20. Qd1 Qxd1+ 21. Rhxd1 Re8 22. Re2 Re7 23. g3 Rce8 24. Rde1 f5 25. Kc2 Kf7 26. Kd3 Re4 27. Rc1 h5 28. Kd2 g6 29. h4 Rd8 30. Bd3 Re7 31. e4 fxe4 32. Bxe4 c4 33. Bd4 c3+ 34. Kc2 Ba6 35. Re3 Nf6 36. Bxf6 Kxf6 37. Kb3 Rde8 38. Rce1 Bc8 39. Kc4 Bd7 40. Nxc3 Rc8+ 41. Kb3 Rxc3+ 42. Rxc3 bxc3 43. Kxc3 Bf5 44. Kd3 Rxe4 45. Rxe4 Bxe4+ 46. Kxe4 Bc5 47. Kf3 Kf5 48. Ke2 Kg4 49. Kd3 Kxg3 50. Ke4 Bd6 51. f5 gxf5+ 52. Kxf5 Kxh4 53. Ke6 Bc7 54. d6 Bd8 55. a4 Kg5 56. Kd7 Ba5 57. Kc8 Kf6 58. d7 Ke7 59. Kb7 Kxd7 60. Kxa7 h4 0-1

[Event "Goch op 24th"]
[Site "Goch"]
[Date "2013.09.06"]
[Round "3"]
[White "Wiemann, Frank"]
[Black "Coenen, Siegfried"]
[Result "0-1"]
[WhiteElo "1797"]
[BlackElo "2008"]
[PlyCount "50"]
[EventDate "2013.09.05"]
[EventType "swiss"]
[EventRounds "7"]
[EventCountry "GER"]
[SourceTitle "EXT 2015"]
[Source "ChessBase"]
[SourceDate "2014.11.20"]
[SourceVersion "1"]
[SourceVersionDate "2014.11.20"]
[SourceQuality "1"]

1. d4 Nf6 2. c4 e5 3. dxe5 Ng4 4. Nf3 Nc6 5. e3 Bb4+ 6. Bd2 Qe7 7. Nc3 Bxc3 8. Bxc3 Ncxe5 9. Nxe5 Nxe5 10. Be2 f6 11. 0-0 d6 12. Qc2 Be6 13. b3 0-0-0 14. a4 h5 15. e4 g5 16. f4 gxf4 17. Rxf4 Rdg8 18. Raf1 Rh6 19. Be1 Qg7 20. R1f2 Bh3 21. Bd1 Rg6 22. g3 Rxg3+ 23. hxg3 Qxg3+ 24. Rg2 Qxe1+ 25. Rf1 Qe3+ 0-1